[Event "Tourn. n9071"]
[Site "www.chess-mail.com"]
[Date "2017.02.06"]
[Round "1"]
[White "Libiesse"]
[Black "Sinergia"]
[WhiteElo "2050"]
[BlackElo "1940"]
[Result "1-0"]
[Round "1"]
1.d4 Ng8f6
2.c4 g6
3.Nb1c3 Bf8g7
4.Ng1f3 d6
5.Bc1g5 c6
6.e4 h6
7.Bg5h4 O-O
8.Bf1d3 Qd8b6
9.Ra1b1 Bc8g4
10.Nc3e2 Nb8d7
11.h3 Bg4xf3
12.gxf3 e5
13.d5 Ra8c8
14.Rh1g1 Nd7c5
15.Bd3c2 Nf6h5
16.Qd1d2 Qb6c7
17.b4 Nc5d7
18.dxc6 Qc7xc6
19.Bc2b3 Rf8e8
20.Ne2c3 Nh5f4
21.b5 Qc6c7
22.Nc3d5 Nf4xd5
23.cxd5 Nd7c5
24.Ke2  { time }
1-0

[Event "Tourn. n9173"]
[Site "www.chess-mail.com"]
[Date "2017.02.06"]
[Round "1"]
[White "Norlavuaram"]
[Black "Julian"]
[WhiteElo "2110"]
[BlackElo "2040"]
[Result "1-0"]
[Round "1"]
1.e4 c5
2.Ng1f3 Nb8c6
3.d4 cxd4
4.Nf3xd4 Ng8f6
5.Nb1c3 d6
6.Bf1c4 e6
7.Bc1e3 Bf8e7
8.Qd1d2 O-O
9.f3 a6
10.Bc4b3 Qd8c7
11.O-O-O Nc6xd4
12.Be3xd4 b5
13.Kb1 Bc8b7
14.g4 Rf8d8
15.h4 Nf6e8
16.g5 e5
17.Bd4e3 Bb7c6
18.Nc3d5 Bc6xd5
19.Bb3xd5 Ra8c8
20.Rd1c1 g6
21.h5 Ne8g7
22.hxg6 hxg6
23.Rh1h6 Ng7h5
24.Rh6xg6 Kh7
25.Rg6h6 Kg7
26.Rh6xh5 Rd8h8
27.Rc1h1 Rh8xh5
28.Rh1xh5 Rc8h8
29.Rh5xh8 Kxh8
30.Qd2h2 Kg8
31.g6 Kg7
32.Qh2h7 { resign }
1-0

[Event "Tourn. n9235"]
[Site "www.chess-mail.com"]
[Date "2017.02.06"]
[Round "1"]
[White "Actmy"]
[Black "Norlavuaram"]
[WhiteElo "2230"]
[BlackElo "2180"]
[Result "1-0"]
[Round "1"]
1.d4 Ng8f6
2.Nb1c3 g6
3.e4 d6
4.f4 Bf8g7
5.Ng1f3 O-O
6.Bc1e3 b6
7.Bf1d3 Bc8b7
8.O-O c5
9.d5 a6
10.a4 Nb8d7
11.h3 Ra8c8
12.Bd3c4 Nf6e8
13.Qd1d3 Ne8c7
14.Rf1d1 a5
15.Ra1a3 Rc8a8
16.Be3f2 Nc7a6
17.Bf2g3 Na6b4
18.Qd3e2 Qd8c8
19.e5 Bb7a6
20.Nc3b5 Ba6xb5
21.axb5 dxe5
22.fxe5 { resign }
1-0

[Event "Tourn. n9173"]
[Site "www.chess-mail.com"]
[Date "2017.02.06"]
[Round "1"]
[White "Bojan"]
[Black "Huw"]
[WhiteElo "2020"]
[BlackElo "2290"]
[Result "0-1"]
[Round "1"]
1.d4 Ng8f6
2.Nb1c3 d5
3.h3 Bc8f5
4.Ng1f3 e6
5.Nf3h4 Bf5g6
6.Nh4xg6 hxg6
7.Bc1f4 Bf8d6
8.Bf4g5 Nb8d7
9.e4 dxe4
10.Nc3xe4 Bd6e7
11.Ne4xf6 gxf6
12.Bg5e3 c6
13.c3 Qd8b6
14.Qd1d2 a5
15.d5 Be7c5
16.dxe6 fxe6
17.Be3xc5 Qb6xc5
18.Bf1e2 O-O-O
19.Qd2c2 Nd7e5
20.Qc2e4 Rd8d5
21.Ra1d1 Rh8d8
22.Rd1xd5 Rd8xd5
23.f4 f5
24.Qe4c2 Ne5c4
25.Qc2c1 Nc4e3
26.Rh1h2 e5
27.g3 e4
28.a3 Ne3c4
29.Rh2g2 Rd5d2
30.b3 Qc5e3
31.bxc4 Rd2xe2
32.Rg2xe2 Qe3xc1
33.Kf2 Qc1xc3
34.Re2e3 Qc3xc4
{ resign }
0-1

[Event "Tourn. n9147"]
[Site "www.chess-mail.com"]
[Date "2017.02.06"]
[Round "1"]
[White "Scasan55"]
[Black "Pariolinius"]
[WhiteElo "1980"]
[BlackElo "1930"]
[Result "0-1"]
[Round "1"]
1.e4 c5
2.Ng1f3 d6
3.d4 cxd4
4.Nf3xd4 Ng8f6
5.Nb1c3 a6
6.Bc1g5 Bc8d7
7.Bg5xf6 exf6
8.Bf1d3 Bf8e7
9.O-O Nb8c6
10.Nd4xc6 Bd7xc6
11.Kh1 O-O
12.f3 Qd8b6
13.b3 Ra8c8
14.Nc3e2 Bc6d7
15.c4 Rf8e8
16.Ne2f4 Bd7c6
17.Nf4d5 Bc6xd5
18.exd5 g6
19.Qd1d2 f5
20.Ra1e1 Qb6d8
21.Re1e2 Be7f6
22.Re2xe8 Qd8xe8
 { time }
0-1

[Event "Tourn. n9166"]
[Site "www.chess-mail.com"]
[Date "2017.02.06"]
[Round "1"]
[White "Attatroll"]
[Black "Forest"]
[WhiteElo "1910"]
[BlackElo "1820"]
[Result "1/2-1/2"]
[Round "1"]
1.e4 e6
2.d4 d5
3.Nb1c3 Ng8f6
4.exd5 exd5
5.Ng1f3 Bf8b4
6.Bc1d2 O-O
7.Bf1d3 Rf8e8
8.Bd3e2 Nb8c6
9.O-O Bb4xc3
10.Bd2xc3 Nf6e4
11.Be2d3 Bc8f5
12.Rf1e1 Ne4xc3
13.bxc3 Re8xe1
14.Qd1xe1 Bf5xd3
15.cxd3 Qd8d7
16.Nf3e5 Nc6xe5
17.dxe5 Ra8e8
18.d4 f6
19.f4 fxe5
20.fxe5 c6
21.Qe1g3 Re8f8
{ draw }
1/2-1/2

[Event "Tourn. n9195"]
[Site "www.chess-mail.com"]
[Date "2017.02.06"]
[Round "1"]
[White "Powerchess"]
[Black "Autmich"]
[WhiteElo "1500"]
[BlackElo "1700"]
[Result "1-0"]
[Round "1"]
1.e4 c5
2.Ng1f3 d6
3.Bf1b5 Bc8d7
4.Bb5xd7 Qd8xd7
5.d3 Nb8c6
6.O-O Ng8f6
7.Nb1c3 e6
8.Rf1e1 Bf8e7
9.h3 O-O
10.Bc1g5 h6
11.Bg5d2 d5
12.exd5 Ra8d8
13.dxc6 { resign }
1-0

[Event "Tourn. n9137"]
[Site "www.chess-mail.com"]
[Date "2017.02.06"]
[Round "1"]
[White "Louis"]
[Black "Jobeye"]
[WhiteElo "1950"]
[BlackElo "1980"]
[Result "1-0"]
[Round "1"]
1.d4 Ng8f6
2.c4 a6
3.Nb1c3 Nb8c6
4.d5 Nc6e5
5.e4 Ne5g6
6.f4 e5
7.f5 Ng6e7
8.Ng1f3 d6
9.Bc1g5 h6
10.Bg5xf6 gxf6
11.Bf1d3 Bf8g7
12.O-O Bc8d7
13.Ra1b1 c6
14.dxc6 bxc6
15.Nf3h4 c5
16.Bd3c2 Ne7c6
17.Qd1d5 Qd8c7
18.Rf1d1 Bg7f8
19.Bc2a4  { time }
1-0

[Event "Tourn. n9101"]
[Site "www.chess-mail.com"]
[Date "2017.02.06"]
[Round "1"]
[White "Bira47"]
[Black "Awfen"]
[WhiteElo "2030"]
[BlackElo "2080"]
[Result "0-1"]
[Round "1"]
1.c4 Nb8c6
2.g3 e5
3.Bf1g2 Ng8f6
4.a3 Bf8e7
5.Nb1c3 d6
6.h3 Bc8d7
7.e3 O-O
8.Ng1e2 Ra8b8
9.b4 a6
10.O-O b5
11.d3 bxc4
12.dxc4 Qd8c8
13.Bc1b2 Bd7xh3
14.Nc3d5 Nf6xd5
15.cxd5 Nc6d8
16.Ra1c1 Bh3g4
17.f3 Bg4h3
18.g4 Bh3xg2
19.Kxg2 f5
20.Ne2g3 f4
21.exf4 Rf8xf4
22.Ng3f5 Be7f6
23.Rf1h1 Bf6g5
24.Rh1h3 Nd8f7
25.Qd1h1 h6
26.Rc1c2 Rb8b5
27.Nf5xd6 Nf7xd6
28.Bb2xe5 Qc8d7
29.Be5xf4 Bg5xf4
30.Rc2c5 Rb5xc5
31.bxc5 Nd6c4
32.Qh1e1 Nc4e3
33.Kf2 Qd7xd5
34.Rh3h5 Bf4g5
35.Rh5xg5 Qd5xg5
36.Qe1xe3 Qg5h4
37.Ke2 Qh4d8
38.Qe3e6 Kh7
39.Qe6f5 Kh8
40.c6 Qd8e8
41.Kf2 Qe8xc6
42.Qf5f8 Kh7
43.Qf8f5 Qc6g6
44.Ke3 Qg6xf5
45.gxf5 h5
46.f4 h4
47.Kf3 c5
48.Kg4 c4
49.Kxh4 c3
50.f6 gxf6
51.f5 c2
52.a4 c1Q
 { time }
0-1

[Event "Tourn. n9125"]
[Site "www.chess-mail.com"]
[Date "2017.02.06"]
[Round "1"]
[White "Genius3"]
[Black "Francesco"]
[WhiteElo "1860"]
[BlackElo "1970"]
[Result "1/2-1/2"]
[Round "1"]
1.e4 c5
2.Ng1f3 d6
3.Bf1b5 Bc8d7
4.Bb5xd7 Nb8xd7
5.d4 cxd4
6.Nf3xd4 Ng8f6
7.Nb1c3 g6
8.Bc1e3 Bf8g7
9.f3 O-O
10.O-O a6
11.Qd1d2 Ra8c8
12.Ra1d1 b5
13.a3 Nd7c5
14.Nd4e2 Nc5e6
15.Ne2d4 Ne6xd4
16.Be3xd4 Qd8d7
17.Bd4e3 Rc8c7
18.Be3g5 Rf8c8
19.Bg5h6 Qd7e6
20.Bh6xg7 Kxg7
21.Qd2d4 Rc7c4
22.Qd4e3 Qe6e5
23.Rf1e1 Nf6h5
24.Qe3f2 Nh5f4
25.Rd1d2 Nf4e6
26.Re1d1 Ne6f4
27.Qf2e3 Qe5g5
28.Kh1 Nf4e6
29.Qe3xg5 Ne6xg5
30.Kg1 { draw }
1/2-1/2

[Event "Tourn. n9154"]
[Site "www.chess-mail.com"]
[Date "2017.02.06"]
[Round "1"]
[White "Yoj"]
[Black "Piriot"]
[WhiteElo "1809"]
[BlackElo "1909"]
[Result "0-1"]
[Round "1"]
1.e4 d6
2.d4 e5
3.dxe5 dxe5
4.Qd1xd8 Kxd8
5.Nb1c3 c6
6.Ng1f3 f6
7.Bf1d3 Bc8e6
8.Bc1d2 Nb8d7
9.O-O Kc7
10.b3 Bf8a3
11.Ra1b1 a5
12.h3 Nd7c5
13.Nf3e1 Ng8e7
14.Bd2e3 Rh8d8
 { time }
0-1

[Event "Tourn. n9183"]
[Site "www.chess-mail.com"]
[Date "2017.02.06"]
[Round "1"]
[White "Autmich"]
[Black "Cal"]
[WhiteElo "1720"]
[BlackElo "1560"]
[Result "1-0"]
[Round "1"]
1.e4 e5
2.Ng1f3 d6
3.d4 h6
4.dxe5 Bc8g4
5.exd6 cxd6
6.Bf1b5 Nb8c6
7.Bc1f4 Ng8f6
8.Nb1c3 Bf8e7
9.O-O Qd8d7
10.h3 Bg4h5
11.Qd1d3 a6
12.Bb5xc6 bxc6
13.Ra1d1 O-O
14.e5 Bh5xf3
15.Qd3xf3 Nf6h7
16.exd6 Be7f6
17.Rf1e1 Ra8b8
18.Nc3e4 Bf6xb2
19.Ne4c5 Qd7a7
20.d7 Rb8d8
21.Nc5b3 Bb2a3
22.Qf3xc6 Nh7f6
23.Bf4c7 Rd8xd7
24.Rd1xd7 Ba3b2
25.Rd7d8 Rf8xd8
26.Bc7xd8 Kh7
27.Qc6c7 Qa7a8
28.Bd8xf6 Bb2xf6
29.Qc7xf7 Qa8d8
30.Qf7e8 Qd8b6
31.Qe8d7 Bf6c3
32.Qd7f5 g6
33.Qf5f7 Bc3g7
34.Re1e7 Qb6d6
35.Qf7xg7 { resign }
1-0

[Event "Tourn. n9236"]
[Site "www.chess-mail.com"]
[Date "2017.02.06"]
[Round "1"]
[White "Norlavuaram"]
[Black "Bojan"]
[WhiteElo "2180"]
[BlackElo "2020"]
[Result "1-0"]
[Round "1"]
1.e4 e5
2.Ng1f3 Nb8c6
3.Bf1b5 Ng8f6
4.O-O d6
5.Rf1e1 Bc8d7
6.c3 a6
7.Bb5a4 h6
8.d4 exd4
9.cxd4 b5
10.Ba4b3 Nc6a5
11.e5 dxe5
12.Nf3xe5 Bd7e6
13.Ne5xf7 Kxf7
14.Bb3xe6 Kg6
15.Qd1d3 Kh5
16.Qd3f5 g5
17.Be6f7 { resign }
1-0

[Event "Match"]
[Site "www.echecsemail.com"]
[Date "2017.02.06"]
[Round "1"]
[White "Orae"]
[Black "Hundegana"]
[WhiteElo "1710"]
[BlackElo "2000"]
[Result "0-1"]
[Round "1"]
1.e4 c5
2.Bf1c4 e6
3.Ng1f3 Nb8c6
4.Nb1c3 a6
5.d4 cxd4
6.Nf3xd4 Nc6xd4
7.Qd1xd4 Ng8e7
8.Bc1g5 h6
9.Bg5h4 Qd8c7
10.O-O-O Ne7c6
11.Qd4e3 b5
12.Bh4g3 d6
13.Bc4e2 g5
14.Be2h5 Nc6d8
15.Qe3d4 e5
16.Qd4d5 Bc8b7
17.Qd5b3 Qc7c4
18.Bh5e2 Qc4xb3
19.axb3 Bf8e7
20.Be2h5 Nd8e6
21.b4 Kf8
22.h4 Bb7c6
23.Rd1d3 a5
24.Rd3f3 Rh8h7
25.Rf3f5 axb4
26.Nc3a2 Ra8xa2
27.Kb1 Ra2a7
28.Rh1e1 Ne6d4
29.Bh5g6 Rh7g7
30.Bg6h5 Nd4xf5
31.exf5 Bc6xg2
32.Bh5e2 Bg2e4
33.Be2g4 Be4c6
34.f3 f6
35.Bg3f2 Ra7a6
36.Re1e3 d5
37.b3 d4
38.Re3d3 Be7d8
39.Kb2 Rg7a7
40.Kc1 Ra6a1
41.Kd2 Ra1f1
42.Bf2g3 Ra7a1
43.f4 gxf4
44.Bg3h2 Rf1f2
45.Bg4e2 Rf2xh2
46.h5 Bc6d7
{ resign }
0-1

[Event "Match"]
[Site "www.echecsemail.com"]
[Date "2017.02.06"]
[Round "1"]
[White "Pdebonis"]
[Black "Pinehill"]
[WhiteElo "2390"]
[BlackElo "2070"]
[Result "1-0"]
[Round "1"]
1.e4 d5
2.exd5 Ng8f6
3.d4 c6
4.dxc6 Nb8xc6
5.Ng1f3 Bc8g4
6.Bf1b5 e6
7.O-O Bf8e7
8.c3 Qd8c7
9.h3 Bg4xf3
10.Qd1xf3 O-O
11.Nb1d2 Nf6d5
12.Nd2b3 Ra8d8
13.Rf1e1 a6
14.Bb5d3 b5
15.Bc1d2 Nd5b6
16.Bd2f4 Be7d6
17.Bf4xd6 Qc7xd6
18.Nb3c5 Rd8a8
19.Qf3g4 Nb6d5
20.Nc5xe6 fxe6
21.Re1xe6 Qd6d7
22.Bd3xh7 Kxh7
23.Re6h6 { resign }
1-0

[Event "Match"]
[Site "www.echecsemail.com"]
[Date "2017.02.06"]
[Round "1"]
[White "Susov"]
[Black "Genius3"]
[WhiteElo "1850"]
[BlackElo "1580"]
[Result "0-1"]
[Round "1"]
1.e4 e5
2.Ng1f3 d6
3.Nb1c3 Ng8f6
4.Bf1c4 Bf8e7
5.d3 O-O
6.h3 a6
7.a3 Nb8c6
8.Bc1e3 Bc8e6
9.Bc4xe6 fxe6
10.O-O Qd8e8
11.Qd1d2 Qe8g6
12.Nc3e2 Nf6d7
13.Be3g5 Rf8xf3
14.gxf3 Be7xg5
15.Qd2d1 Bg5f4
16.Kh1 Qg6h6
17.Ne2xf4 Qh6xf4
18.Rf1g1 Ra8f8
19.Rg1g3 Rf8f6
20.Kg2 Nd7f8
21.Rg3g4 Rf6g6
22.c3 Rg6xg4
23.hxg4 Nf8g6
24.Kh3 Qf4h6
25.Kg2 Ng6f4
26.Kg1 Qh6h3
27.Qd1f1 Qh3xf3
28.Ra1e1 Qf3xg4
29.Kh1 Qg4f3
30.Kg1 Nc6e7
31.Re1e3 Qf3g4
32.Re3g3 Nf4e2
33.Kg2 Ne2f4
34.Kh1 Qg4h5
35.Kg1 Ne7g6
36.f3 Qh5h4
37.Kf2 Nf4h5
38.Qf1g2 Nh5xg3
39.Qg2xg3 Qh4xg3
40.Kxg3 Kf7
41.Kg4 Ng6f4
42.d4 Kg6
43.Kg3 Nf4d3
44.b4 exd4
45.cxd4 e5
46.d5 b5
47.Kg2 Nd3e1
48.Kf2 Ne1d3
49.Ke3 Nd3f4
50.Kd2 Kh5
51.Ke1 Kh4
52.Kf2 h5
53.Kg1 Kg3
{ resign }
0-1

[Event "Match"]
[Site "www.echecsemail.com"]
[Date "2017.02.06"]
[Round "1"]
[White "Azorau"]
[Black "Irene"]
[WhiteElo "1870"]
[BlackElo "2150"]
[Result "0-1"]
[Round "1"]
1.e4 c5
2.Bf1c4 a6
3.Qd1f3 e6
4.b3 b5
5.e5 Nb8c6
6.Bc4e2 Ra8a7
7.Ng1h3 Nc6xe5
8.Qf3e4 Bf8d6
9.O-O Bc8b7
10.Qe4e3 Ne5c6
11.Bc1b2 Ng8f6
12.Qe3d3 Bd6e5
13.Bb2xe5 Nc6xe5
14.Qd3c3 Ne5c6
15.Qc3xc5 Qd8a8
16.Nb1c3 Nc6e7
17.f3 Qa8b8
18.Ra1e1 Bb7c6
19.Be2d3 Ra7c7
20.Qc5g5 O-O
21.Bd3xh7 Kxh7
22.Qg5h4 Kg8
23.Re1e5 Ne7g6
24.Qh4d4 Ng6xe5
25.Nc3e2 Rc7b7
26.Ne2g3 Rf8c8
27.Rf1e1 Bc6xf3
28.Re1xe5 Bf3xg2
29.Kxg2 Rc8xc2
30.Re5g5 Rb7b6
31.Qd4xf6 Rc2xd2
32.Nh3f2 g6
33.Ng3h5 Qb8f8
34.Nh5f4 Qf8g7
35.Qf6d8 Kh7
36.Nf4h5 Qg7d4
37.Nh5f6 Kg7
38.Nf6h5 Kh6
39.Kh3 Qd4e3
40.Kg4 Rd2d4
{ resign }
0-1

[Event "Match"]
[Site "www.echecsemail.com"]
[Date "2017.02.06"]
[Round "1"]
[White "Milkyway"]
[Black "Guidom"]
[WhiteElo "1920"]
[BlackElo "2090"]
[Result "1/2-1/2"]
[Round "1"]
1.Ng1f3 d5
2.d4 c6
3.e3 Bc8g4
4.Bf1e2 Ng8f6
5.O-O e6
6.Nb1d2 Nb8d7
7.h3 Bg4h5
8.c4 Bf8e7
9.b3 O-O
10.Bc1b2 Rf8e8
11.cxd5 exd5
12.Rf1e1 Be7d6
13.a3 Nd7b6
14.Ra1c1 Bd6c7
15.b4 Nf6e4
16.Nd2xe4 dxe4
17.Nf3d2 Bh5g6
18.Nd2c4 Nb6xc4
19.Be2xc4 Qd8h4
20.d5 Ra8d8
21.Qd1b3 cxd5
22.Bc4xd5 Bc7b6
23.a4 { draw }
1/2-1/2

[Event "Match"]
[Site "www.echecsemail.com"]
[Date "2017.02.06"]
[Round "1"]
[White "Azulmarino"]
[Black "Sagara1977"]
[WhiteElo "1540"]
[BlackElo "1530"]
[Result "0-1"]
[Round "1"]
1.e4 e5
2.Ng1f3 Qd8f6
3.d4 exd4
4.Nf3xd4 c5
5.Nd4f3 Nb8c6
6.Bf1c4 Bf8d6
7.Bc1d2 Qf6xb2
8.Nb1c3 Bd6e5
9.Ra1b1 Qb2a3
10.Nf3g5 Ng8h6
11.Rb1b3 Qa3a5
12.O-O Be5xc3
13.Bd2xc3 Qa5d8
14.Bc3xg7 Qd8xg5
15.Bg7xh8 f6
16.Rb3g3 Qg5e5
17.Rf1e1 Nh6f7
18.Rg3g8 Ke7
19.Qd1f3 b6
20.Bc4d5 Bc8b7
21.Rg8xa8 Bb7xa8
22.Bh8g7 Qe5g5
23.Bg7xf6 Qg5xf6
24.e5 Nf7xe5
25.Re1e4 Qf6g6
26.c3 Kd6
27.Qf3d1 Ba8b7
28.Bd5f7 Kc7
29.Bf7xg6 Ne5xg6
30.Qd1h5 Nc6e5
31.Qh5xh7 Bb7xe4
32.Qh7g7 a5
33.a4 Be4c2
34.Qg7h6 Bc2xa4
35.h4 b5
36.h5 Ng6e7
37.Qh6f6 Ne7c6
38.h6 Ba4c2
39.h7 Bc2xh7
40.f4 Ne5c4
41.f5 a4
42.Qf6g5 a3
43.f6 a2
44.Qg5f4 Nc6e5
45.Qf4c1 Bh7b1
46.Qc1f4 a1Q
47.f7 Bb1g6
48.Kh2 Bg6xf7
49.Qf4f2 Kb6
50.Qf2h4 Qa1xc3
51.Qh4d8 Kc6
52.Qd8c8 Kd5
53.Qc8b7 Kd4
54.Qb7xb5 Ne5g4
55.Kh1 Qc3e1
{ resign }
0-1

[Event "Match"]
[Site "www.echecsemail.com"]
[Date "2017.02.06"]
[Round "1"]
[White "Yoj"]
[Black "Iko"]
[WhiteElo "2070"]
[BlackElo "1690"]
[Result "0-1"]
[Round "1"]
1.e4 e5
2.Ng1f3 Nb8c6
3.Bf1c4 d6
4.d4 Bc8d7
5.dxe5 dxe5
6.Nf3g5 Ng8h6
7.Qd1f3 f6
 { time }
0-1

[Event "1/16 Finale"]
[Site "www.chess-mail.com"]
[Date "2017.02.06"]
[Round "1"]
[White "Naujzaid"]
[Black "Asoka"]
[WhiteElo "2140"]
[BlackElo "2720"]
[Result "0-1"]
[Round "1"]
1.d4 Ng8f6
2.c4 e6
3.Nb1c3 Bf8b4
4.Qd1c2 O-O
5.a3 Bb4xc3
6.Qc2xc3 d5
7.Bc1g5 c5
8.dxc5 d4
9.Qc3g3 Nb8d7
10.Ng1f3 e5
11.e3 Rf8e8
12.O-O-O Nd7xc5
13.Nf3xe5 h6
14.Bg5xf6 Qd8xf6
15.f4 dxe3
16.Qg3xe3 b6
17.Bf1e2 Bc8f5
18.Rd1d2 a5
19.Rh1e1 Ra8c8
{ resign }
0-1

[Event "Eq:Equipo Juan Diaz-La Taverne : "]
[Site "www.chess-mail.com"]
[Date "2017.02.06"]
[Round "1"]
[White "Louis"]
[Black "Ecijaajedrez"]
[WhiteElo "2000"]
[BlackElo "2410"]
[Result "0-1"]
[Round "1"]
1.e4 c5
2.Ng1f3 d6
3.d4 cxd4
4.Nf3xd4 Ng8f6
5.Nb1c3 e6
6.f4 a6
7.Bf1e2 Qd8c7
8.O-O Bf8e7
9.Kh1 O-O
10.a4 Nb8c6
 { time }
0-1

[Event "Fast Game"]
[Site "www.echecsemail.com"]
[Date "2017.02.06"]
[Round "1"]
[White "Pellix84"]
[Black "Bitcoin"]
[WhiteElo "1650"]
[BlackElo "1599"]
[Result "0-1"]
[Round "1"]
1.d4 Ng8f6
2.c4 e6
3.g3 Bf8b4
4.Bc1d2 Bb4e7
5.Bf1g2 d5
6.Nb1c3 c6
7.Ng1f3 dxc4
8.e4 b5
9.a3 Nb8d7
10.O-O O-O
11.h3 Bc8b7
12.Qd1c2 h6
13.Ra1d1 Qd8b6
14.Rf1e1 c5
15.d5 exd5
 { time }
0-1

[Event "Tourn. n9223"]
[Site "www.chess-mail.com"]
[Date "2017.02.07"]
[Round "1"]
[White "Autmich"]
[Black "Powerchess"]
[WhiteElo "1680"]
[BlackElo "1500"]
[Result "0-1"]
[Round "1"]
1.e4 e5
2.Ng1f3 d6
3.d4 exd4
4.Nf3xd4 Ng8f6
5.Nb1c3 Bf8e7
6.Bf1b5 c6
7.O-O cxb5
{ resign }
0-1

[Event "Tourn. n9165"]
[Site "www.chess-mail.com"]
[Date "2017.02.07"]
[Round "1"]
[White "Picifarkinca"]
[Black "Genius9"]
[WhiteElo "1630"]
[BlackElo "1610"]
[Result "1-0"]
[Round "1"]
1.g3 c5
2.Bf1g2 d5
3.c4 e6
4.b3 Ng8f6
5.Bc1b2 Bf8e7
6.d4 O-O
7.Ng1f3 cxd4
8.Nf3xd4 Nb8c6
9.O-O Bc8d7
10.e3 Nc6xd4
11.Qd1xd4 Bd7c6
12.Rf1d1 Qd8c7
13.cxd5 Bc6xd5
14.Bg2xd5 exd5
15.Nb1c3 Be7c5
16.Qd4h4 Ra8d8
17.Ra1c1 Qc7b6
18.Nc3a4 { resign }
1-0

[Event "Tourn. n8956"]
[Site "www.chess-mail.com"]
[Date "2017.02.07"]
[Round "1"]
[White "Rons"]
[Black "Numanoid"]
[WhiteElo "2510"]
[BlackElo "2310"]
[Result "0-1"]
[Round "1"]
1.e4 e6
2.d4 d5
3.Nb1c3 Bf8b4
4.e5 Ng8e7
5.a3 Bb4xc3
6.bxc3 c5
7.Qd1g4 Ne7f5
8.Bf1d3 h5
9.Qg4f4 Qd8c7
10.Ng1e2 Nf5e7
11.dxc5 Nb8d7
12.O-O Qc7xe5
13.Qf4a4 Qe5c7
14.c4 O-O
15.cxd5 Nd7xc5
16.Qa4h4 Nc5xd3
17.cxd3 Ne7xd5
18.Ne2g3 Qc7c3
19.Ra1a2 Qc3xd3
20.Ng3xh5 Qd3h7
21.Ra2d2 f6
22.Bc1b2 Bc8d7
23.Qh4g4 Qh7h6
24.Nh5xf6 Rf8xf6
25.Rd2xd5 exd5
26.Qg4xd7 Rf6f7
27.Qd7xd5 Qh6c6
28.Qd5d4 b6
29.h3 Ra8e8
30.Qd4g4 Qc6e4
31.Qg4d1 Qe4e2
32.Qd1d4 Qe2e4
33.Qd4d1 Re8e6
34.Qd1b3 Re6g6
35.f3 Qe4e2
36.Rf1f2 Qe2e1
37.Rf2f1 Qe1e2
38.Rf1f2 Qe2e6
39.Qb3xe6 Rg6xe6
40.Rf2d2 Re6e3
41.Kf2 Rf7e7
42.h4 a5
43.h5 Re3b3
44.Bb2c1 Re7c7
45.Bc1b2 Rc7e7
46.Bb2c1 b5
47.Kg3 Kh7
48.Kg4 a4
49.f4 Rb3c3
50.Bc1b2 Rc3e3
51.Rd2d5 b4
52.axb4 a3
53.Bb2e5 Re7a7
54.b5 Re3xe5
55.Rd5xe5 a2
56.b6 Ra7a3
57.b7 a1Q
58.b8Q Qa1d1
59.Kf5 Qd1d7
{ resign }
0-1

[Event "Tourn. n9147"]
[Site "www.chess-mail.com"]
[Date "2017.02.07"]
[Round "1"]
[White "Genius3"]
[Black "Francesco"]
[WhiteElo "1850"]
[BlackElo "1940"]
[Result "1/2-1/2"]
[Round "1"]
1.e4 c6
2.d4 d5
3.exd5 cxd5
4.Ng1f3 Bc8g4
5.Bf1d3 Ng8f6
6.h3 Bg4d7
7.O-O Nb8c6
8.c3 g6
9.Nf3e5 Bf8g7
10.Ne5xd7 Qd8xd7
11.Rf1e1 O-O
12.Nb1d2 Ra8c8
13.Nd2f3 a6
14.Bc1g5 b5
15.Nf3e5 Nc6xe5
16.dxe5 Nf6e8
17.Qd1d2 e6
18.Bg5h4 Ne8c7
19.f4 d4
20.Bd3e4 Bg7h6
21.cxd4 Nc7d5
22.Be4xd5 Qd7xd5
23.b3 Rc8c7
24.Ra1c1 Rf8c8
25.Bh4f2 { draw }
1/2-1/2

[Event "Tourn. n9133"]
[Site "www.chess-mail.com"]
[Date "2017.02.07"]
[Round "1"]
[White "Falcoale"]
[Black "Bigrezi"]
[WhiteElo "1890"]
[BlackElo "1910"]
[Result "1-0"]
[Round "1"]
1.e4 g6
2.Ng1f3 d6
3.d4 Bf8g7
4.Bc1f4 Bc8g4
5.Bf1e2 Ng8f6
6.Nb1c3 a6
7.h3 Bg4d7
8.O-O Nb8c6
9.Qd1c1 O-O
10.Rf1d1 e6
11.Bf4g5 Qd8e8
12.e5 dxe5
13.dxe5 Nf6h5
14.Bg5h4 f5
15.Qc1d2 Ra8d8
16.Bh4xd8 Nc6xd8
17.Qd2xd7 Qe8xd7
18.Rd1xd7 c6
19.Nf3g5 Bg7xe5
20.Ng5xh7 Nd8f7
21.Be2xh5 Kxh7
22.Bh5f3 Kg8
23.Rd7xb7 c5
24.Rb7b6 a5
25.Rb6xe6 Kg7
26.Ra1e1 Be5f6
27.Re6c6 Bf6d4
28.Re1d1 Rf8e8
29.Bf3d5 Nf7e5
30.Rc6c7 Kf6
31.Kf1 Re8d8
32.Bd5b3 Ne5d7
33.Nc3d5 { resign }
1-0

[Event "Tourn. n9162"]
[Site "www.chess-mail.com"]
[Date "2017.02.07"]
[Round "1"]
[White "Momahony"]
[Black "Yoj"]
[WhiteElo "1699"]
[BlackElo "1749"]
[Result "1-0"]
[Round "1"]
1.d4 e5
2.e3 exd4
3.exd4 c6
4.Ng1f3 g6
5.Bf1d3 Qd8e7
6.Bd3e2 Bf8g7
7.O-O Qe7b4
8.c3 Qb4d6
9.Nb1d2 Ng8f6
10.Nd2c4 Qd6c7
11.Bc1g5 Nf6e4
12.Bg5e3 O-O
13.Qd1c2 d5
14.Nc4e5 Bc8f5
15.Qc2b3 Ne4d6
16.Be3f4 f6
17.Ne5d3 Nb8d7
18.Qb3b4 Rf8e8
19.Bf4xd6 Qc7d8
20.Rf1e1 b6
21.Bd6g3 Re8xe2
22.Re1xe2 Bf5xd3
23.Re2e3 Bd3c4
24.Ra1e1 a5
25.Qb4d6 Nd7f8
26.Qd6xc6 Kf7
27.b3 Bc4a6
28.Re3e7  { time }
1-0

[Event "Tourn. n9150"]
[Site "www.chess-mail.com"]
[Date "2017.02.07"]
[Round "1"]
[White "Ozana"]
[Black "Sachpat"]
[WhiteElo "2320"]
[BlackElo "2580"]
[Result "0-1"]
[Round "1"]
1.f4 d5
2.Ng1f3 e6
3.e3 Bf8d6
4.Bf1e2 c5
5.O-O Nb8c6
6.b3 Ng8e7
7.Bc1b2 O-O
8.c4 d4
9.Nb1a3 Ne7g6
10.Nf3e1 a6
11.Na3c2 e5
12.f5 Ng6e7
13.e4 f6
14.Ne1d3 b5
15.Nd3f2 Ra8b8
16.Ra1b1 Bc8d7
17.cxb5 axb5
18.a4 bxa4
19.bxa4 Nc6a5
20.Nc2a3 Rb8b4
21.Na3b5 Bd7xb5
22.Be2xb5 c4
23.Bb2a1 Kh8
24.Qd1c2 Qd8b6
25.g3 Ne7c6
26.Rb1xb4 Nc6xb4
{ resign }
0-1

[Event "Tourn. n9137"]
[Site "www.chess-mail.com"]
[Date "2017.02.07"]
[Round "1"]
[White "Pappilova"]
[Black "Louis"]
[WhiteElo "1970"]
[BlackElo "1950"]
[Result "0-1"]
[Round "1"]
1.e4 e5
2.Ng1f3 Nb8c6
3.Bf1b5 a6
4.Bb5a4 f5
5.Nb1c3 b5
6.Ba4b3 b4
7.Nc3d5 fxe4
8.Nf3g1 Qd8g5
9.g3 Bf8d6
10.d4 Qg5g6
11.c3 a5
12.Ng1h3 bxc3
13.bxc3 Bc8a6
14.Bc1e3 Ng8e7
15.c4 Ne7xd5
16.cxd5 Bd6b4
17.Be3d2 Nc6xd4
18.Ra1c1 Nd4f3
{ resign }
0-1

[Event "Tourn. n9186"]
[Site "www.chess-mail.com"]
[Date "2017.02.07"]
[Round "1"]
[White "Norlavuaram"]
[Black "Ffdd65"]
[WhiteElo "2140"]
[BlackElo "2220"]
[Result "0-1"]
[Round "1"]
1.e4 e5
2.Ng1f3 d6
3.d4 Nb8d7
4.Bf1c4 h6
5.Nb1c3 Ng8e7
6.O-O Ne7g6
7.Rf1e1 Nd7b6
8.Bc4b3 Bf8e7
9.h3 Bc8d7
10.Bc1e3 Be7g5
11.Nf3xg5 hxg5
12.Qd1f3 f6
13.Ra1d1 Ng6h4
14.Qf3e2 Nh4xg2
15.Kxg2 Qd8c8
16.Re1h1 Bd7xh3
17.Kg1 Rh8h4
18.dxe5 Rh4g4
{ resign }
0-1

[Event "Tourn. n9154"]
[Site "www.chess-mail.com"]
[Date "2017.02.07"]
[Round "1"]
[White "Yoj"]
[Black "Cernunnoss"]
[WhiteElo "1749"]
[BlackElo "1870"]
[Result "0-1"]
[Round "1"]
1.d4 e5
2.dxe5 Nb8c6
3.e6 fxe6
4.e4 Ng8f6
5.Bf1b5 Bf8e7
6.Bb5xc6 bxc6
7.b3 O-O
8.Nb1d2 d5
9.e5 Be7c5
10.exf6 Qd8xf6
11.Ng1f3 Qf6xa1
12.a4 Bc8a6
13.Nd2f1 Rf8xf3
14.gxf3 Qa1e5
15.Bc1e3 d4
 { time }
0-1

[Event "Tourn. n9118"]
[Site "www.chess-mail.com"]
[Date "2017.02.07"]
[Round "1"]
[White "Kampungboy"]
[Black "Greghghs"]
[WhiteElo "2630"]
[BlackElo "2340"]
[Result "1-0"]
[Round "1"]
1.e4 e5
2.Nb1c3 Bf8b4
3.Nc3d5 Bb4a5
4.b4 c6
5.bxa5 cxd5
6.exd5 Ng8f6
7.c4 Qd8xa5
8.Ng1e2 O-O
9.Ne2c3 d6
10.Bf1e2 Nb8d7
11.O-O a6
12.a4 Nd7c5
13.Qd1c2 Bc8d7
14.Bc1a3 Qa5c7
15.Rf1b1 b6
16.Ra1a2 Ra8b8
17.Ra2b2 Rf8c8
18.h3 Nf6e8
19.d3 Qc7d8
20.Qc2d2 Bd7f5
21.a5 bxa5
22.Ba3xc5 Rb8xb2
23.Qd2xb2 Rc8xc5
24.Qb2b6 Rc5c8
25.Be2g4 Bf5xg4
26.hxg4 Qd8d7
27.f3 Qd7d8
28.Qb6xd8 Rc8xd8
29.Kf2 Kf8
30.Rb1b7 g6
31.Ke3 h5
32.gxh5 gxh5
33.f4 exf4
34.Kxf4 Rd8a8
35.Kg5 Kg7
36.Kxh5 Ne8f6
37.Kg5 Ra8h8
38.Rb7b6 Rh8h2
39.g4 Rh2c2
40.Nc3d1 { resign }
1-0

[Event "Tourn. n9244"]
[Site "www.chess-mail.com"]
[Date "2017.02.07"]
[Round "1"]
[White "Bojan"]
[Black "Luban"]
[WhiteElo "2050"]
[BlackElo "2130"]
[Result "0-1"]
[Round "1"]
1.e4 c5
2.Ng1f3 d6
3.d4 cxd4
4.Nf3xd4 Ng8f6
5.Bf1d3 e6
6.c3 Bf8e7
7.h3 Bc8d7
8.Bc1f4 a6
9.Nb1d2 e5
10.Bf4e3 exd4
11.Be3xd4 Nb8c6
12.Bd4e3 O-O
13.Qd1f3 Nc6e5
14.Qf3e2 Ne5xd3
15.Qe2xd3 Ra8c8
16.Be3f4 b5
17.Nd2f3 Bd7c6
18.Nf3d2 d5
19.e5 Nf6e4
20.Nd2f3 Ne4c5
21.Qd3d4 Nc5e6
22.Qd4d2 Be7c5
23.Bf4g3 d4
24.O-O-O Bc6xf3
25.gxf3 dxc3
26.bxc3 Qd8xd2
27.Rd1xd2 Bc5d4
28.Rd2d3 Rc8xc3
29.Kd2 Rf8c8
30.Rd3xc3 Rc8xc3
{ resign }
0-1

[Event "Tourn. n9159"]
[Site "www.chess-mail.com"]
[Date "2017.02.07"]
[Round "1"]
[White "Winston"]
[Black "Picifarkinca"]
[WhiteElo "1620"]
[BlackElo "1630"]
[Result "0-1"]
[Round "1"]
1.e4 e5
2.Ng1f3 Ng8f6
3.Nf3xe5 d6
4.Ne5f3 Nf6xe4
5.d4 d5
6.Bf1d3 Ne4f6
7.Nb1c3 Bf8e7
8.O-O O-O
9.Bc1f4 c6
10.Qd1d2 Nb8d7
11.Rf1e1 Rf8e8
12.Re1e2 Nd7f8
13.Ra1e1 Nf8e6
14.Nf3g5 h6
15.Ng5xe6 Bc8xe6
16.a3 Qd8d7
17.Qd2e3 Be7f8
18.Nc3a4 Be6g4
{ resign }
0-1